Najdłuższe ulice Warszawy - Statystyki

Ogólne statystyki
  • Ten quiz został rozwiązany 825 razy
  • Średni wynik to 3 z 10
Statystyki odpowiedzi
Długość Ulica % Poprawnych
11,9 km Aleje Jerozolimskie
81%
12,2 km Puławska
67%
14,5 km Wał Miedzeszyński
48%
9,4 km Modlińska
20%
7,5 km Toruńska
13%
9,7 km Trakt Lubelski
10%
6,8 km Patriotów
8%
7,2 km Wybrzeże Gdyńskie
8%
7,8 km Płochocińska
6%
9,5 km Wał Zawadowski
4%
Nie znaleziono quizów pasujących do podanych kryteriów
Rozkład punktacji
Procent ludzi z każdym wynikiem
Percentyl według liczby udzielonych odpowiedzi
Twoja historia wyników
Nie rozwiązałeś tego quizu